Deskriptívna geometria II : Prvá časť - Rotačné a skrutkové plochy

Salvato in:
Dettagli Bibliografici
Autori principali: Mészárosová, Katarína, 1955- (Autore), Rückschlossová, Tatiana, 1976- (Autore), Tereňová, Zuzana, 1976- (Autore)
Altri autori: Solčan, Štefan (Revisore), Kudličková, Soňa (Revisore)
Natura: Libro
Lingua:slovacco
Pubblicazione: Bratislava : Slovenská technická univerzita v Bratislave, 2014
Edizione:1. vyd.
Serie:Edícia skrípt
Soggetti:
Accesso online:http://www.math.sk/skriptaDG2/1/
Tags: Aggiungi Tag
Nessun Tag, puoi essere il primo ad aggiungerne!!

MARC

LEADER 00000nam a22000003a 4500
001 stu300988
005 20250910081732.4
008 141118s--------xo------------------slo-d
020 |a 978-80-227-4275-7 
040 |a STU  |b slo 
041 0 |a slo 
044 |a xo 
100 1 |a Mészárosová, Katarína,  |d 1955-  |4 aut  |u V220  |9 25  |U SvF Stavebná fakulta  |T SvF Katedra matematiky a deskriptívnej geometrie  |X 784  |U V220  |Y 23  |7 A000000784 
242 0 1 |a Descriptive geometry II :  |b The first part - Surfaces of revolution and helical surfaces  |y eng 
245 1 |a Deskriptívna geometria II :  |b Prvá časť - Rotačné a skrutkové plochy  |h [elektronický zdroj] 
250 |a 1. vyd. 
260 |a Bratislava :  |b Slovenská technická univerzita v Bratislave,  |c 2014 
300 |a CD-ROM, online, 503 s.  |b 651 obr. 
490 1 |a Edícia skrípt 
650 7 |a deskriptívna geometria 
650 7 |a krivky 
650 |a rotačné plochy 
650 7 |a skrutkové plochy 
650 7 |a elipsoid 
650 7 |a paraboloid 
650 7 |a hyperboloid 
650 7 |a anuloid 
650 7 |a skrutkovica 
650 7 |a Archimedova serpentína 
650 7 |a e-kniha 
700 1 |a Rückschlossová, Tatiana,  |d 1976-  |4 aut  |u V220  |9 25  |U SvF Stavebná fakulta  |T SvF Katedra matematiky a deskriptívnej geometrie  |X 831  |U V220  |Y 23  |7 A000000831 
700 1 |a Tereňová, Zuzana,  |d 1976-  |4 aut  |u V220  |9 50  |U SvF Stavebná fakulta  |T SvF Katedra matematiky a deskriptívnej geometrie  |X 3541  |U V220  |Y 23  |7 A000003541 
700 1 |a Solčan, Štefan  |4 rev 
700 1 |a Kudličková, Soňa  |4 rev 
856 4 |u http://www.math.sk/skriptaDG2/1/ 
996 |b 284V036448  |c V*531/A  |l VVT  |s A  |a 24  |w stu300988_0001 
996 |b 284V036449  |c V*532/A  |l VVS  |s A  |a 24  |w stu300988_0002 
996 |b 284V036450  |c V*533/A  |l VVS  |s A  |a 24  |w stu300988_0003